Dissemination of information : (Record no. 124110)

MARC details
000 -LEADER
fixed length control field 00738nam a22002417a 4500
005 - DATE AND TIME OF LATEST TRANSACTION
control field 20170124105935.0
010 ## - LIBRARY OF CONGRESS CONTROL NUMBER
LC control number 942440
020 ## - INTERNATIONAL STANDARD BOOK NUMBER
Terms of availability 00.00
International Standard Book Number 0233969195
035 ## - SYSTEM CONTROL NUMBER
System control number 942440
037 ## - SOURCE OF ACQUISITION
Source of stock number/acquisition Cen Lib/Ret
040 ## - CATALOGING SOURCE
Original cataloging agency DPL
Language of cataloging EN
082 ## - DEWEY DECIMAL CLASSIFICATION NUMBER
Classification number 029
Edition number ROW
100 ## - MAIN ENTRY--PERSONAL NAME
Personal name Rowley, J. E.
9 (RLIN) 9347
245 ## - TITLE STATEMENT
Title Dissemination of information :
Statement of responsibility, etc by J.E. Rowley [and] C.M.D. Turner
Remainder of title state, the arts, and beyond /
260 ## - PUBLICATION, DISTRIBUTION, ETC. (IMPRINT)
Place of publication, distribution, etc London
Name of publisher, distributor, etc Andre Deutsch
Date of publication, distribution, etc 1978
270 ## - ADDRESS
Address 105 Great Russel Street
City London
300 ## - PHYSICAL DESCRIPTION
Extent 356p.
Dimensions 22cm(Hb)
500 ## - GENERAL NOTE
General note Includes index
650 ## - SUBJECT ADDED ENTRY--TOPICAL TERM
Topical term or geographic name as entry element Information technology
9 (RLIN) 90927
650 ## - SUBJECT ADDED ENTRY--TOPICAL TERM
Topical term or geographic name as entry element Communication technology
9 (RLIN) 90928
700 ## - ADDED ENTRY--PERSONAL NAME
Personal name Turner, C.M.D.
9 (RLIN) 90929
942 ## - ADDED ENTRY ELEMENTS (KOHA)
Source of classification or shelving scheme Dewey Decimal Classification
Koha item type English Books
Classification part 029
Call number suffix ROW
Holdings
Withdrawn status Lost status Damaged status Not for loan Collection code Home library Current library Date acquired Source of acquisition Cost, normal purchase price Total Checkouts Full call number Barcode Date last seen Copy number Cost, replacement price Price effective from Koha item type
      Not For Loan Reference Central Library Central Library 13/06/2015 Cen Lib/Ret 0.00   029 ROW 942440 13/06/2015 1 0.00 15/09/2016 English Books

© Delhi Public Library
Hit Counter
free hit counter